| Tag |
First Indicator |
Second Indicator |
Subfields |
| LEADER |
00000cam a2200000 a 4500 |
| 001 |
in00000073613 |
| 005 |
20151008053532.0 |
| 008 |
800620s1979 enk b 00100 eng d |
| 020 |
|
|
|a 0901436429
|
| 035 |
|
|
|a (OCoLC)06441939
|
| 035 |
|
|
|9 AAH7753AM
|
| 040 |
|
|
|a KUK
|c KUK
|d m.c.
|d TXA
|d UtOrBLW
|
| 049 |
|
|
|a TXAM
|c [1329119]
|
| 090 |
|
|
|a SB951.5
|b .B7 1980
|
| 245 |
0 |
0 |
|a Pest and disease control handbook /
|c edited by Nigel Scopes ; assisted by Michael Ledieu.
|
| 264 |
|
1 |
|a Croydon, [England] :
|b BCPC Publications,
|c [1979]
|
| 264 |
|
3 |
|c 1980 printing
|
| 264 |
|
4 |
|c ©1979
|
| 300 |
|
|
|a xvi, approximately 350 pages ;
|c 23 cm.
|
| 336 |
|
|
|a text
|b txt
|2 rdacontent
|
| 337 |
|
|
|a unmediated
|b n
|2 rdamedia
|
| 338 |
|
|
|a volume
|b nc
|2 rdacarrier
|
| 500 |
|
|
|a "Essentially an updating and revision of the 5th edition of the Insecticide and fungicide handbook."--Foreword.
|
| 504 |
|
|
|a Includes bibliographical references and index.
|
| 650 |
|
0 |
|a Insecticides
|x Handbooks, manuals, etc.
|
| 650 |
|
0 |
|a Fungicides
|x Handbooks, manuals, etc.
|
| 650 |
|
0 |
|a Pests
|x Control
|x Handbooks, manuals, etc.
|
| 700 |
1 |
|
|a Scopes, Nigel E. A.
|q (Nigel Eric Anthony)
|
| 700 |
1 |
|
|a Ledieu, Michael.
|
| 710 |
2 |
|
|a British Crop Protection Council.
|
| 710 |
2 |
|
|a British Crop Protection Council.
|t Insecticide and fungicide handbook for crop protection.
|
| 999 |
|
|
|a MARS
|
| 999 |
f |
f |
|s 21c37c4b-5083-3b8a-a653-09a17c716c7e
|i 076fb583-992d-381e-841a-191e8a13be1d
|t 0
|
| 952 |
f |
f |
|p ric
|a Texas A&M University
|b Rellis Campus
|c Joint Library Facility
|d Remote Storage
|t 0
|e SB951.5 .B7 1980
|h Library of Congress classification
|i unmediated -- volume
|m A14806237238
|
| 998 |
f |
f |
|a SB951.5 .B7 1980
|t 0
|l Remote Storage
|